| 000 | 00604nam a2200193Ia 4500 | ||
|---|---|---|---|
| 003 | GCL | ||
| 005 | 20240530103118.0 | ||
| 008 | 140319s9999 xx 000 0 ara d | ||
| 040 |
_aGCL / _cGCL |
||
| 082 | 0 | 4 |
_a330.1 _bك ن |
| 100 | 1 | _aكريمة كريم | |
| 245 | 1 | 0 |
_aالتخطيط العينى والمالى للاقتصاد القومى / _cكريمة كريم |
| 260 |
_a[S.N] : _bدار النهضة العربية ، _c1985 |
||
| 300 | _a206 ص | ||
| 650 | 0 | 4 | _aالاقتصاد |
| 650 | 0 | 4 | _aالتخطيط الاقتصادى |
| 650 | 0 | 4 | _aالمالية العامة |
| 942 |
_2ddc _cBK |
||
| 999 |
_c36922 _d36922 |
||